| 000 | 02387nam0a2200337 i 4500 | ||
|---|---|---|---|
| 001 | RU\NLR\BIBL_A\011402358 | ||
| 005 | 20260405163045.0 | ||
| 021 |
_aRU _b2017-36659 _92681 |
||
| 035 | _a(RuMoRGB)008889793 | ||
| 035 | _a(NLR Aleph) 011402358 | ||
| 090 |
_a11515147 _c11515147 |
||
| 100 | _a20170608d2016 u y0rusy50 ca | ||
| 101 | 0 | _arus | |
| 102 | _aRU | ||
| 105 | _aa|||j|||000zy | ||
| 200 | 1 |
_aФитнес - как средство оздоровления _eучебно-методическое пособие по организации самостоятельных занятий студентов, курсантов, преподавателей и сотрудников _fЕ.Н. Сорокина, А.Н. Баранов, Ю.Е. Алёхин _gФедеральное агентство морского и речного транспорта, Федеральное государственное бюджетное образовательное учреждение высшего образования "Волжский государственный университет водного транспорта", Кафедра физического воспитания и спорта |
|
| 210 |
_aНижний Новгород _cИзд-во ФГБОУ ВО "ВГУВТ" _d2016 |
||
| 215 |
_a76 с. _cил. _d21 |
||
| 320 | _aБиблиогр.: с. 75 (8 назв.) | ||
| 606 |
_aЗдоровье _jУчебно-методические пособия для высших учебных заведений _xВлияние двигательной активности _9910593 _3RU\NLR\AUTH\66332446 |
||
| 606 |
_aФитнес _jУчебно-методические пособия для высших учебных заведений _92130208 _3RU\NLR\auth\661285231 |
||
| 686 |
_aЧ516.511.466.21я7-14 _2rubbk |
||
| 686 | 1 | _aР120.4я73 | |
| 686 | 1 | _aЧ511.49я73 | |
| 700 | 1 |
_8rus _7ca _aСорокина _bЕ. Н. _cпедагог, физ. воспитание _gЕлена Николаевна _3RU\NLR\AUTH\7769270 _952198 |
|
| 701 | 1 |
_7ca _8rus _aБаранов _bА. Н. _cпедагог, физ. воспитание _gАндрей Николаевич _9176162 _3RU\NLR\AUTH\770176213 |
|
| 701 | 1 |
_aАлехин _bЮ. Е. _gЮрий Евгеньевич |
|
| 942 | _cBOOK | ||
| 980 | _aNBR | ||